Harry Potter tome 2 - Détails qui ont pu vous échapper - Statistiques

Statistiques générales
  • Ce quiz a été pris 47 fois
  • Le résultat moyen est 12 sur 44
Statistiques - réponses
Questions Réponses % Correct
De la taille de quoi sont les yeux de Dobby? d'une balle de tennis
74%
Vernon espère une commande de M. Mason pour s'acheter une villa où? à Majorque
55%
De quoi s'est moquée Olive Hornby en 1942? des lunettes de Mimi Geignarde
55%
Quel est le nom des cours par correspondance pour sorciers débutants que prend Rusard? Vitmagic
55%
Combien manque-t-il à Nick-Quasi-Sans-Tête pour faire partie du Club des Chasseurs sans Tête? 1 cm
52%
Dans quoi Dobby devra-t-il se pincer les oreilles pour être allé prévenir Harry? dans la porte du four
48%
Le collier d'opale a provoqué la mort de combien de moldus auxquels il a appartenu? 19
45%
En lisant "Sonnets d'un Sorcier", à quoi a été condamné un lecteur jusqu'à la fin de sa vie? à parler en vers
45%
Par où sort le basilic dans la Chambre des Secrets par la bouche de la statue de Salazar Serpentard
42%
Outre "grosse Mimi", "Mimi râleuse", "Mimi minable", quel autre surnom moqueur Peeves dit-il que Mimi Geignarde a oublié de mentionner? boutonneuse
39%
Quelle forme a le heurtoir de la porte du bureau de Dumbledore? griffon
39%
Qu'est-ce qui est fatal au Basilic? le cri du coq s'il l'entend
39%
Combien de personnes ont-elles envoyé une carte à Gilderoy Lockhart pour la Saint-Valentin? 46
35%
Que sont les yeux des 2 serpents entrelacés sur le mur qui donne accès à la Chambre des Secrets? des émeraudes
32%
Que disent les gnomes lorsque les Weasley les prennent pour dégnomer le jardin? fishmoilapaix
32%
Dans quel livre de cours de Ginny Lucius Malefoy a-t-il glissé le journal intime de Jedusor? le livre de métamorphose
32%
Comment sont les clefs ensorcelées qui finissent par disparaître et que les moldus pensent avoir perdues? rétrécissantes
32%
De quelle couleur sont les bottes que porte Cornelius Fudge? violettes
32%
À quelle école aurait dû aller Justin Finch-Fletchley? à Eton
26%
Le gâteau de la tante Petunia était fait de violettes en sucre et de quoi? crème fouettée
26%
Quand Hagrid était élève à Poudlard, qu'élevait-il sous son lit? des bébés loups-garous
26%
De quoi est rempli l'aquarium sur le rebord de la fenêtre dans la chambre de Ron? de têtards
26%
Un livre dans la cuisine des Weasley s'intitule "Comment ensorceler..." quoi? son fromage
26%
Les Canons de Chudley sont quantièmes au championnat de Quidditch? 9ièmes
23%
Quel journal publie un article informant que 6 moldus ont vu la Ford Anglia voler? le Sorcier du Soir
23%
Quel est le métier de M. Mason? promoteur immobilier
23%
Quelle particularité avait la sorcière qui avait fait fuir le Spectre de la Mort? un bec de lièvre
23%
Comment s'appelle le magasin de farces et attrapes du Chemin de Traverse? Pirouette et Badin
19%
Harry jette une pétard dans un chaudron contenant quelle potion? potion d'Enflure
19%
Un groupe de quoi a engagé Dumbledore pour la soirée de Halloween? squelettes dansants
19%
Quelle est la rue à Londres où se situait le papetier d'où vient le journal intime de Tom Jedusor? Vauxhall Road
19%
De quoi Gilderoy Lockhart est-il membre honoraire de la Ligue de Défense contre les forces du mal
16%
Que fait le noeud papillon de Peeves? il tourne sur lui-même
16%
Une des plus grandes ambitions de Gilderoy Lockhart est d'avoir sa propre marque de quoi? produits pour cheveux
16%
Quand Ron était petit, Fred a changé son ours en peluche en araignée parce que Ron lui avait cassé quoi? son balai miniature
16%
Au loup-garou de quelle ville un sorcier arménien a-t-il rendu forme humaine? Wagga Wagga
16%
Quel type de jeu de cartes possède Ron? auto-battantes
13%
De quelle couleur étaient les cheveux de Dumbledore en 1942? châtain-roux
13%
Un des cadeaux préférés de Gilderoy Lockhart est un magnum de quoi? Ogden Old Firewhisky
13%
Quelle émission de radio écoute Molly Weasley avec Celestina Moldubec? Salut les Sorciers
13%
De quel sortilège Lockhart prétend-il avoir libéré un villageois de Transylvanie? sortilège de Babillage
13%
Quel article du Décret sur la restriction de l'usage de la magie chez les sorciers de 1er cycle indique que les sorciers seront expulsés en cas de récidive? article 1875, alinea C
10%
Qu'offre Hermione à Harry pour Noël? une plume d'aigle
10%
Quelle plante les élèves de 2ième année doivent-ils tailler en cours de Botanique? Figuier d'Abyssinie
3%
Aucun quiz correspondant
Distribution des résultats
% des personnes avec chaque résultat
Percentile par nombre de réponses
Votre historique - résultats
Vous n’avez pas pris ce quiz